00379nam a2200109Ia 4500008004100000100003200041245006100073260002500134300002000159650001200179856007800191160712s9999 xx 000 0 und d aLegasto, Priscelina Patajo. cPriscelina Patajo LegastoaThe Knowing is in the Writing c2012bDiliman Review avol. 59 no. 1-4 xWRITING uhttp://journals.upd.edu.ph/index.php/dilimanreview/issue/view/390/showToc